A Pilgrim mother, (Record no. 18140)

MARC details
000 -LEADER
fixed length control field 00634cam a22002171 4500
001 - CONTROL NUMBER
control field ca 36000900
003 - CONTROL NUMBER IDENTIFIER
control field DLC
005 - DATE AND TIME OF LATEST TRANSACTION
control field 20260227111141.0
008 - FIXED-LENGTH DATA ELEMENTS--GENERAL INFORMATION
fixed length control field 790322s1929 xx 000 0 eng
010 ## - LIBRARY OF CONGRESS CONTROL NUMBER
LC control number ca 36000900
035 ## - SYSTEM CONTROL NUMBER
System control number (OCoLC)4766119
040 ## - CATALOGING SOURCE
Original cataloging agency DLC
Transcribing agency OCl
Modifying agency DLC
042 ## - AUTHENTICATION CODE
Authentication code premarc
050 00 - LIBRARY OF CONGRESS CALL NUMBER
Classification number PN6120.H5
Item number C7
082 ## - DEWEY DECIMAL CLASSIFICATION NUMBER
Classification number 812.5
100 1# - MAIN ENTRY--PERSONAL NAME
Personal name Crockett, Helen May,
Dates associated with a name 1892-
245 12 - TITLE STATEMENT
Title A Pilgrim mother,
Remainder of title a drama in one act
Statement of responsibility, etc. [by] Helen May Crockett.
260 ## - PUBLICATION, DISTRIBUTION, ETC.
Place of publication, distribution, etc. Boston,
-- Chicago,
Name of publisher, distributor, etc. The Pilgrim press
Date of publication, distribution, etc. [c1929]
300 ## - PHYSICAL DESCRIPTION
Extent 1 p. l., v-viii, 9-38 p.
Dimensions 19 cm.
650 #0 - SUBJECT ADDED ENTRY--TOPICAL TERM
Topical term or geographic name entry element Pilgrims (New Plymouth Colony)
Form subdivision Drama.

No items available.

Powered by Koha